00366nam a2200121Ia 4500003000400000008004100004040001600045082001700061245009600078260005500174300001000229490000500239GCL140319s9999 xx 000 0 ara d aGCL / cGCL04a212.3bع ا10aالمنهج الاسلام فى الوقاية والعلاج من خطر المخدرات a[S.N] : bمكتبة عالم الفكر ، c1992 a78 ص a